Tous les clubs français titrés - Statistiques

Statistiques générales
  • Ce quiz a été pris 83 fois
  • Le résultat moyen est 24 sur 38
Statistiques - réponses
Titres Club % Correct
57 Paris Saint-Germain
100%
27 Olympique de Marseille
99%
12 Lille OSC
96%
15 FC Nantes
94%
22 Olympique lyonnais
94%
17 FC Girondins de Bordeaux
93%
22 AS Saint-Étienne
90%
8 OGC Nice
90%
18 AS Monaco
88%
8 RC Strasbourg Alsace
88%
4 Stade rennais
88%
6 AJ Auxerre
86%
4 Montpellier HSC
86%
3 RC Lens
86%
1 Toulouse FC
84%
1 Toulouse FC (1937-1967)
84%
12 Stade de Reims
80%
3 FC Metz
73%
3 EA Guingamp
69%
1 FC Lorient
68%
5 FC Sochaux-Montbéliard
66%
2 Le Havre AC
66%
2 AS Nancy Lorraine
64%
1 EF Nancy
64%
3 SC Bastia
61%
5 Red Star
60%
1 ESTAC Troyes
59%
3 CS Sedan Ardennes
46%
4 FC Sète
45%
1 CO Roubaix-Tourcoing
40%
6 Racing Club de France
40%
1 EAC Roubaix
34%
1 FC Gueugnon
29%
1 Olympique lillois
9%
1 Club français
5%
1 CA Paris
3%
2 CA Sports Généraux
1%
1 Olympique de Paris
1%
Aucun quiz correspondant
Distribution des résultats
% des personnes avec chaque résultat
Percentile par nombre de réponses
Votre historique - résultats
Vous n’avez pas pris ce quiz